000 00428 a2200121 4500
020 _a9780309117388
022 _a00775614
082 _a363.125 HAR
100 _aHarkey, David L.
245 _aNCHRP Report 617 Accident Modification Factors for Traffic Engineering and ITS Improvements /
_cDavid L. Harkey....[et al]
260 _aWashington :
_bTransportation Research Board,
_c2008
300 _avarious Pages
_bill. ;
_c30 cm
650 _aTraffic Engineering
999 _c2227
_d2227